000 00438nam a2200157 i 4500
001 70049
003 ES-MaACL
005 20230906170713.0
007 t|
008 040715s1965 sp ||||1| spa d
100 1 _aGarcía Montejo, Angel.
_954974
245 1 3 _aEl puro amor /
_cAngel García Montejo.
260 _aSalamanca :
_b[s.n.,
_c1965] (
_fGráfs. Cervantes)
300 _a3 h. ;
_c23 cm.
852 _aES-MaACL
_j2043-F-1
_bR.55671
999 _c70049
_d70049